000 004950000a22001810004500
003 MACL
005 20160227151148.0
008 160227b xxu||||| |||| 00| 0 eng d
040 _aMACL
_cMACL
041 _aHindi
082 _a800
100 _aकन्‍हैयालाल नंदन
_940961
245 _aअंतरंग
260 _bपराग प्रकाशन
_c1981
_aदिल्‍ली
350 _a40
650 _aLiteracture
_939932
942 _cHIN
_k800
_2ddc
999 _c29446
_d29446